| 000 | 00347nam a22001457a 4500 | ||
|---|---|---|---|
| 008 | 210517b ||||| |||| 00| 0 eng d | ||
| 020 | _a9780721634654 | ||
| 041 | _aeng | ||
| 080 | _a616.073 | ||
| 082 | _a616.073 | ||
| 100 | _a6 | ||
| 101 | _aRAD | ||
| 245 |
_aIntroduction to Radiography and Patient Care _cArlene M. Adler |
||
| 942 |
_2udc _cBK |
||
| 999 |
_c57373 _d57373 |
||